000 00949nas a2200313 4500
001 BR2018000341
003 BR-BrBNA
005 20231205131228.0
007 ta
008 230509b bl.|||p| |||| 00| 00por d
040 _aBR-BrBNA
_bpor
_cBiblioteca Nacional de Agricultura
041 _a(Pt)
072 _aF01
100 1 _aBarbosa, F.R.
100 1 _aSilva, A.G.
100 1 _aGonzaga, A.C. de O.
100 1 _aMartins, F.A.D.
245 1 _aProdução integrada do feijão-comum: opção pela sustentabilidade
650 _aAGRICULTURA
650 _aFEIJÃO
650 _aPRODUÇÃO
650 _aTECNOLOGIA
650 _aRENDIMENTO
650 _aMEIO AMBIENTE
650 _aSEGURANÇA ALIMENTAR
773 0 _tInforme Agropecuário - Empresa de Pesquisa Agropecuária de Minas Gerais (Brazil)
_xISSN 0100-3364
_g(2017), v. 38(298) p. 7-13
_wBR2018000341
909 _a202311
_bLúcia
_c55
_dLúcia Elande
942 _2AGRIS
_n0
_cANA
999 _c253683
_d253683